| 000 | 01299cam a22002414a 4500 | ||
|---|---|---|---|
| 001 | 713 | ||
| 005 | 20240217082413.0 | ||
| 020 | _a0439220017 (hardcover) | ||
| 020 | _a9780439220033 | ||
| 040 |
_aDLC _cDLC _dDLC _beng |
||
| 050 | 0 | 0 |
_aG863 _b.M94 2004 |
| 082 | 0 | 0 |
_a919.8/904 _222 |
| 100 | 1 |
_aMyers, Walter Dean, _d1937-2014. |
|
| 245 | 1 | 0 |
_aAntarctica : _bjourneys to the South Pole / _cWalter Dean Myers |
| 260 |
_aNew York : _bScholastic Press, _c2004. |
||
| 300 |
_a134 pages : _billustrations ; _c27 cm. |
||
| 505 | _aZ | ||
| 520 | _aWalter Dean Myers presents a thrilling record of Antarctica and the expedition parties that have uncovered the frozen continent throughout history. Walter Dean Myers brings the dramatic race to the South Pole to life in Antarctica, tracking the explorers of the South Pole - including James Cook, Ernest Shackleton, and Richard Evelyn Bird - and the dangers they encountered there, as well as their contributions to science. The heroism and adventure - and sometimes the ultimate failure - of the expeditions are depicted in Myers's powerful prose, and through the photos, maps, and illustrations that complement the text. | ||
| 521 |
_a1100
_bLexiles |
||
| 521 |
_aZ
_bRaz-Plus |
||
| 906 |
_a7 _bcbc _corignew _d1 _eecip _f20 _gy-gencatlg |
||
| 942 |
_2ddc _cBK _n0 |
||
| 999 |
_c713 _d713 |
||